| 000 | 00909nam a2200277 a 4500 | ||
|---|---|---|---|
| 001 | 58997 | ||
| 003 | BD-RjUL | ||
| 005 | 20211209080701.0 | ||
| 008 | 161220s1989 enka b 001 0 eng | ||
| 020 | _a0813375355 (alk. paper) | ||
| 035 | _a(BD-RjUL)59121 | ||
| 040 |
_aDLC _cDLC _dBD-RjUL _beng |
||
| 041 | _aeng | ||
| 082 | 0 | 0 |
_a337.156 _223 _bECO 1989 |
| 245 | 1 | 0 |
_aEconomic cooperation in the Middle East / _cedited by Gideon Fishelson. |
| 260 |
_aBoulder : _bWestview Press, _cc1989. |
||
| 300 |
_axi, 372 p. : _bill. ; _c24 cm. |
||
| 500 | _aInclude index | ||
| 650 | 0 |
_aJewish-Arab relations _xEconomic aspects. _9175439 |
|
| 650 | 0 |
_aEconomic development projects _zMiddle East. _9175440 |
|
| 651 | 0 |
_aMiddle East _xEconomic conditions. _9175441 |
|
| 651 | 0 |
_aMiddle East _xEconomic integration. _9175442 |
|
| 700 | 1 |
_aFishelson, Gideon. _9175443 |
|
| 942 |
_2ddc _cBK |
||
| 999 |
_c58997 _d58997 |
||